000 01217naa a22003017a 4500
001 BR9400437
003 BR-BrBNA
005 20240918180930.0
007 ta
008 230509b bl.||||| |||| 00| 0 por d
040 _aBR-BrBNA
_bpor
_cBiblioteca Nacional de Agricultura
041 _a(Pt)
072 _aE14; P01
_b/G514
090 _aE14 BR9400437
100 1 _aPorto, E.L.R.
111 1 _aSeminario Internacional sobre Meio Ambiente, Pobreza e Desenvolvimento da Amazonia
_cBelem, PA (Brazil)
_d16-19 Feb 1992
245 1 _aSistemas nacionais, estaduais e municipais [Amazonia]
260 3 _aBelem, PA (Brasil):
_c1992.
500 _aSeminario Internacional sobre Meio Ambiente, Pobreza e Desenvolvimento da Amazonia. SIMDAMAZONIA. Anais Belem, PA (Brasil): 1992. p. 229-233 (BR9400437-AM)E14
650 _aPolitica de Desenvolvimento
650 _aAdocao de Inovacoes
650 _aMeio Ambiente
650 _aPreservacao da Natureza
650 _aAmazonia
773 0 _tSeminario Internacional sobre Meio Ambiente, Pobreza e Desenvolvimento da Amazonia. SIMDAMAZONIA. Anais
_wE14 BR9400437
_gBelem, PA (Brasil), 1992. p. 229-233
909 _a202404
_bLucia
_c55
_dLucia Elande
942 _cAM
_2AGRIS
999 _c322760
_d322760